Plenty of puppets to make / (Record no. 8430)

MARC details
000 -LEADER
fixed length control field 01359pam a2200421 i 4500
001 - CONTROL NUMBER
control field 8430
003 - CONTROL NUMBER IDENTIFIER
control field FISKH
005 - DATE AND TIME OF LATEST TRANSACTION
control field 20250911144131.0
008 - FIXED-LENGTH DATA ELEMENTS--GENERAL INFORMATION
fixed length control field 800725s1981 njua j 000 0 eng
010 ## - LIBRARY OF CONGRESS CONTROL NUMBER
LC control number 80023785
020 ## - INTERNATIONAL STANDARD BOOK NUMBER
International Standard Book Number 0893754323 :
Terms of availability $6.92 (est.)
020 ## - INTERNATIONAL STANDARD BOOK NUMBER
International Standard Book Number 0893754331 (pbk.) :
Terms of availability $1.50 (est.)
020 ## - INTERNATIONAL STANDARD BOOK NUMBER
International Standard Book Number 9780893754327
020 ## - INTERNATIONAL STANDARD BOOK NUMBER
International Standard Book Number 9780893754334
035 ## - SYSTEM CONTROL NUMBER
System control number 882714
040 ## - CATALOGING SOURCE
Original cataloging agency DLC
Transcribing agency DLC
Modifying agency DLC
Language of cataloging eng
050 00 - LIBRARY OF CONGRESS CALL NUMBER
Classification number TT174.7
Item number .S96
082 00 - DEWEY DECIMAL CLASSIFICATION NUMBER
Classification number 745.592/24
Edition number 19
100 1# - MAIN ENTRY--PERSONAL NAME
Personal name Supraner, Robyn.
245 00 - TITLE STATEMENT
Title Plenty of puppets to make /
Statement of responsibility, etc. written by Robyn and Lauren Supraner ; illustrated by Renzo Barto.
260 ## - PUBLICATION, DISTRIBUTION, ETC.
Place of publication, distribution, etc. Mahwah :
Name of publisher, distributor, etc. Troll Associates,
Date of publication, distribution, etc. 1981.
300 ## - PHYSICAL DESCRIPTION
Extent 47 pages :
Other physical details color illustrations ;
Dimensions 24 cm
336 ## - CONTENT TYPE
Content type term text
Content type code txt
Source rdacontent
337 ## - MEDIA TYPE
Media type term unmediated
Media type code n
Source rdamedia
338 ## - CARRIER TYPE
Carrier type term volume
Carrier type code nc
Source rdacarrier
505 ## - FORMATTED CONTENTS NOTE
Formatted contents note J<br/>
520 ## - SUMMARY, ETC.
Summary, etc. Instructions for making puppets from milk cartons, cereal boxes, paper plates, egg cartons, and other materials.
521 8# - TARGET AUDIENCE NOTE
Target audience note 500<br/>
Source Lexile estimate<br/>
521 8# - TARGET AUDIENCE NOTE
Target audience note J<br/>
Source Raz-Plus<br/>
650 #0 - SUBJECT ADDED ENTRY--TOPICAL TERM
Topical term or geographic name entry element Puppet making
General subdivision Juvenile literature.
650 #1 - SUBJECT ADDED ENTRY--TOPICAL TERM
Topical term or geographic name entry element Puppet making.
650 #1 - SUBJECT ADDED ENTRY--TOPICAL TERM
Topical term or geographic name entry element Handicraft.
700 1# - ADDED ENTRY--PERSONAL NAME
Personal name Supraner, Lauren,
Relator term joint author.
700 1# - ADDED ENTRY--PERSONAL NAME
Personal name Barto, Renzo.
906 ## - LOCAL DATA ELEMENT F, LDF (RLIN)
a 7
b cbc
c orignew
d 1
e ocip
f 19
g y-gencatlg
942 ## - ADDED ENTRY ELEMENTS (KOHA)
Source of classification or shelving scheme Dewey Decimal Classification
Koha item type Books
Suppress in OPAC No
Holdings
Withdrawn status Lost status Source of classification or shelving scheme Damaged status Not for loan Collection Home library Current library Shelving location Date acquired Total Checkouts Full call number Barcode Date last seen Copy number Price effective from Koha item type
    Dewey Decimal Classification     Juvenile Fiction Footprints International School Library Network Toul Tom Poung Campus Footprints International School Library Network Toul Tom Poung Campus TTP Primary Dark Blue Bookshelves 09/11/2025   SUP 745.592 TT174.S96 FISBK072566 09/11/2025 1 09/11/2025 Books